[Event "FRA-chT"]
[Site "?"]
[Date "1995.??.??"]
[Round "?"]
[White "Anic, Darko"]
[Black "Letreguilly, Olivier"]
[Result "1-0"]
[WhiteElo "2410"]
[BlackElo "2300"]
[PlyCount "37"]
[EventDate "1995.??.??"]
[Source "ChessBase"]
[SourceDate "1996.11.15"]

1. Nf3 c5 2. c4 Nc6 3. d4 cxd4 4. Nxd4 Nf6 5. g3 e6 6. Bg2 Qb6 7. Nb5 Bc5 8.
O-O a6 9. N5c3 Qc7 10. Bf4 Ne5 11. Na4 Ba7 12. c5 Nh5 13. Bxe5 Qxe5 14. Na3
Bxc5 15. Nc4 Qg5 16. Ncb6 Rb8 17. Rc1 Bxf2+ 18. Rxf2 O-O 19. Rf3 1-0

[Event "FRA-chT"]
[Site "?"]
[Date "1995.??.??"]
[Round "?"]
[White "Anka, Emil"]
[Black "Pelletier, Yannick"]
[Result "1/2-1/2"]
[WhiteElo "2410"]
[BlackElo "2420"]
[PlyCount "51"]
[EventDate "1995.??.??"]
[Source "ChessBase"]
[SourceDate "1996.11.15"]

1. e4 c5 2. Nf3 Nc6 3. d4 cxd4 4. Nxd4 Nf6 5. Nc3 d6 6. Bg5 e6 7. Qd2 Be7 8.
O-O-O O-O 9. f4 Nxd4 10. Qxd4 Qa5 11. Bc4 Bd7 12. Bxf6 Bxf6 13. e5 Be7 14. exd6
Bf6 15. Qd3 Bxc3 16. Qxc3 Qxc3 17. bxc3 Rac8 18. Bb3 a5 19. a4 Rxc3 20. f5 Re3
21. Rhe1 Rxe1 22. Rxe1 Re8 23. fxe6 fxe6 24. Kd2 Kf7 25. Rf1+ Kg8 26. Re1
1/2-1/2

[Event "FRA-chT"]
[Site "?"]
[Date "1995.??.??"]
[Round "?"]
[White "Apicella, Manuel"]
[Black "Bellet, Georges"]
[Result "0-1"]
[WhiteElo "2505"]
[BlackElo "2175"]
[PlyCount "66"]
[EventDate "1995.??.??"]
[Source "ChessBase"]
[SourceDate "1996.11.15"]

1. e4 e6 2. d4 d5 3. e5 c5 4. c3 Nc6 5. Nf3 Qb6 6. Bd3 cxd4 7. cxd4 Bd7 8. Nc3
Nxd4 9. Nxd4 Qxd4 10. Qe2 a6 11. O-O Ne7 12. Kh1 Nc6 13. f4 Nb4 14. Rd1 Bc5 15.
Bxh7 Qf2 16. Qxf2 Bxf2 17. Bb1 O-O-O 18. h3 f6 19. exf6 gxf6 20. Rf1 Ba7 21.
Bd2 Bc6 22. a3 d4 23. Ne4 d3 24. Bxb4 Bxe4 25. Kh2 f5 26. Ba2 Kd7 27. Rae1 Rh6
28. Bc3 Ke7 29. g4 d2 30. Bb4+ Ke8 31. Rxe4 fxe4 32. g5 Rh5 33. Bb3 Rd3 0-1

[Event "FRA-chT"]
[Site "?"]
[Date "1995.??.??"]
[Round "?"]
[White "Apicella, Manuel"]
[Black "Bujisho, Benjamin"]
[Result "1-0"]
[WhiteElo "2505"]
[BlackElo "2295"]
[PlyCount "79"]
[EventDate "1995.??.??"]
[Source "ChessBase"]
[SourceDate "1996.11.15"]

1. e4 Nf6 2. e5 Nd5 3. d4 d6 4. Nf3 g6 5. h3 Bg7 6. c4 Nb6 7. exd6 cxd6 8. Be2
O-O 9. O-O Nc6 10. Nc3 Bf5 11. Be3 d5 12. c5 Nc4 13. Bc1 b6 14. g4 Bc8 15. cxb6
axb6 16. b3 N4a5 17. Bf4 f6 18. Bg3 Be6 19. Re1 Bf7 20. Bb5 Rc8 21. Qd2 Qd7 22.
Na4 Qa7 23. Re2 Rfd8 24. Rae1 Bf8 25. g5 Nb7 26. Rc1 Nb8 27. Bc7 Rd6 28. Kg2
Na6 29. Bxd6 Nxd6 30. Rxc8 Nxc8 31. Qc3 Nd6 32. Bd3 Nb8 33. Rc2 b5 34. Qc5 Qd7
35. Nb6 Qe6 36. Bxb5 Qf5 37. Be2 Ne4 38. Qc7 e5 39. gxf6 Be6 40. f7+ 1-0

[Event "FRA-chT"]
[Site "?"]
[Date "1995.??.??"]
[Round "?"]
[White "Apicella, Manuel"]
[Black "De Sousa, Jose"]
[Result "1-0"]
[WhiteElo "2505"]
[BlackElo "2260"]
[PlyCount "127"]
[EventDate "1995.??.??"]
[Source "ChessBase"]
[SourceDate "1996.11.15"]

1. e4 c6 2. d4 d5 3. Nc3 dxe4 4. Nxe4 Bf5 5. Ng3 Bg6 6. h4 h6 7. Nf3 Nd7 8. h5
Bh7 9. Bd3 Bxd3 10. Qxd3 e6 11. Bf4 Bb4+ 12. c3 Be7 13. O-O-O Ngf6 14. Kb1 O-O
15. Ne4 Nxe4 16. Qxe4 Nf6 17. Qc2 Qd5 18. Ne5 Qe4 19. Nd3 b5 20. f3 Qd5 21. Be5
Nh7 22. Rh3 Rac8 23. g4 Rfd8 24. Nf4 Qd7 25. Ne2 c5 26. Rhh1 c4 27. Rdg1 a5 28.
g5 Bxg5 29. f4 Bf6 30. Rg3 Kh8 31. Rhg1 Rg8 32. R1g2 b4 33. Ka1 Qd5 34. Qb1
Rcd8 35. Rg4 Bxe5 36. fxe5 bxc3 37. Nxc3 Qf3 38. Nb5 Ng5 39. Nd6 Rd7 40. Qc1
Rc7 41. R2g3 Qd5 42. Ne4 Qxe4 43. Rxe4 Nxe4 44. Re3 Ng5 45. Rc3 Rd8 46. Rxc4
Rxc4 47. Qxc4 Nf3 48. a3 Rxd4 49. Qc3 Nd2 50. Ka2 Rd5 51. a4 Ne4 52. Qc7 Kg8
53. Ka3 f6 54. exf6 Nxf6 55. b4 axb4+ 56. Kxb4 Rxh5 57. Qb8+ Kh7 58. a5 Rh1 59.
Qe5 Rh4+ 60. Kb5 Rh1 61. a6 Rb1+ 62. Ka5 Rb3 63. Ka4 Rb6 64. a7 1-0

[Event "FRA-chT"]
[Site "?"]
[Date "1995.??.??"]
[Round "?"]
[White "Arkell, Keith C"]
[Black "Badii, Madjid"]
[Result "1-0"]
[WhiteElo "2485"]
[BlackElo "2265"]
[PlyCount "63"]
[EventDate "1995.??.??"]
[Source "ChessBase"]
[SourceDate "1996.11.15"]

1. d4 d5 2. c4 c6 3. Nf3 Nf6 4. Nc3 a6 5. a4 e6 6. Bg5 Be7 7. e3 Nbd7 8. a5 O-O
9. Bf4 Bb4 10. Qa4 Qe7 11. c5 Bxc3+ 12. bxc3 Ne8 13. Bd3 f6 14. Qc2 g6 15. Bh6
Rf7 16. O-O Nc7 17. e4 Nf8 18. e5 Nd7 19. exf6 Qxf6 20. Rfe1 Qe7 21. Re3 e5 22.
Nxe5 Nxe5 23. Rxe5 Be6 24. Rae1 Re8 25. R1e3 Qd7 26. Bxg6 hxg6 27. Qxg6+ Rg7
28. Bxg7 Qxg7 29. Rxe6 Rxe6 30. Rxe6 Nxe6 31. Qxe6+ Kh7 32. Qh3+ 1-0

[Event "FRA-chT"]
[Site "?"]
[Date "1995.??.??"]
[Round "?"]
[White "Arkell, Keith C"]
[Black "Legky, Nikolay A"]
[Result "1/2-1/2"]
[WhiteElo "2485"]
[BlackElo "2505"]
[PlyCount "144"]
[EventDate "1995.??.??"]
[Source "ChessBase"]
[SourceDate "1996.11.15"]

1. d4 Nf6 2. Nf3 e6 3. c4 a6 4. Nc3 c5 5. d5 b5 6. Bg5 b4 7. Ne4 Be7 8. Nxf6+
Bxf6 9. Qd2 d6 10. e4 Bxg5 11. Qxg5 Qxg5 12. Nxg5 e5 13. Bd3 Ra7 14. Kd2 O-O
15. Ke3 g6 16. Nf3 f5 17. Nd2 Nd7 18. f3 Nf6 19. Rhe1 a5 20. a4 f4+ 21. Kf2 g5
22. h3 h5 23. Rh1 Rg7 24. Nb3 Ra7 25. Nd2 Rff7 26. Rh2 Bd7 27. b3 Ra8 28. Rah1
Rg7 29. Be2 Kf7 30. Bf1 Rag8 31. Ke1 Nh7 32. Kf2 Nf8 33. Ke1 Ng6 34. Kf2 Rh8
35. Ke1 Rgh7 36. Be2 Nh4 37. Kf2 Kf6 38. Nf1 Be8 39. Nd2 Bg6 40. Bd1 Be8 41.
Be2 Bd7 42. Bd1 Rh6 43. Be2 Kg7 44. Bd1 Ng6 45. Be2 Ne7 46. Bd1 Ng8 47. Be2 Nf6
48. Bd1 Rg6 49. Be2 Kf7 50. Bf1 Rhg8 51. Ke1 Ke7 52. Kf2 Be8 53. Ke1 g4 54.
hxg4 hxg4 55. Rh4 Rg5 56. Be2 Bh5 57. R1h2 Kf7 58. Rh1 R8g7 59. R1h2 R7g6 60.
fxg4 Bxg4 61. Nf3 Bxf3 62. gxf3 Rg1+ 63. Bf1 R6g3 64. R4h3 Kg6 65. Kf2 Kg5 66.
Rh1 Rxh1 67. Rxh1 Nh5 68. Bh3 Kg6 69. Bf5+ Kg5 70. Be6 Kg6 71. Bf5+ Kg5 72. Bd7
Nf6 1/2-1/2

[Event "FRA-chT"]
[Site "?"]
[Date "1995.??.??"]
[Round "?"]
[White "Badii, Madjid"]
[Black "Dorfman, Josif D"]
[Result "1/2-1/2"]
[WhiteElo "2265"]
[BlackElo "2590"]
[PlyCount "79"]
[EventDate "1995.??.??"]
[Source "ChessBase"]
[SourceDate "1996.11.15"]

1. e4 c5 2. Nf3 e6 3. d4 cxd4 4. Nxd4 Nf6 5. Nc3 d6 6. Bc4 Be7 7. Bb3 Na6 8. f4
Nc5 9. Qf3 O-O 10. Be3 a6 11. f5 d5 12. exd5 e5 13. Nde2 e4 14. Qh3 Nxb3 15.
axb3 Nxd5 16. Nxd5 Qxd5 17. O-O Qc6 18. Nd4 Qc7 19. c3 Bd7 20. Rf4 Rae8 21.
Rxe4 Bf6 22. Rg4 Re7 23. Qg3 Qxg3 24. Rxg3 Rfe8 25. Bf2 Re5 26. Rf3 h5 27. b4
Rd5 28. Ra5 Bb5 29. h3 Bd8 30. Ra1 Bd7 31. Re1 Rxe1+ 32. Bxe1 Bf6 33. Rf4 Bg5
34. Rf3 Kf8 35. Bf2 Ke8 36. Be3 Bf6 37. g4 hxg4 38. hxg4 Re5 39. Ne2 Re4 40.
Nf4 1/2-1/2

[Event "FRA-chT"]
[Site "?"]
[Date "1995.??.??"]
[Round "?"]
[White "Beghadi, Mourad"]
[Black "Marciano, David"]
[Result "1/2-1/2"]
[WhiteElo "2145"]
[BlackElo "2430"]
[PlyCount "94"]
[EventDate "1995.??.??"]
[Source "ChessBase"]
[SourceDate "1996.11.15"]

1. e4 c5 2. Nc3 e6 3. g3 a6 4. Bg2 b5 5. Nge2 Bb7 6. O-O Be7 7. d3 d6 8. f4 b4
9. Nb1 Nc6 10. f5 e5 11. Nd2 Bg5 12. Nc4 Bxc1 13. Qxc1 Nf6 14. Ne3 h5 15. c4 h4
16. g4 h3 17. Bf3 Nd4 18. Nxd4 cxd4 19. Nd1 Nh7 20. Nf2 g6 21. fxg6 fxg6 22.
Qh6 Qf6 23. Nxh3 O-O-O 24. Bg2 Qe6 25. Ng5 Nxg5 26. Qxg5 Rdf8 27. Rxf8+ Rxf8
28. Rf1 Rxf1+ 29. Bxf1 Bc6 30. h4 Be8 31. Be2 Kd7 32. h5 Qe7 33. Qxe7+ Kxe7 34.
h6 Kf8 35. g5 Bd7 36. Kf2 a5 37. Kg3 Kg8 38. Bd1 Kh8 39. a4 bxa3 40. bxa3 a4
41. Kh4 Kh7 42. Kg3 Kh8 43. Kf2 Kh7 44. Ke1 Kh8 45. Bc2 Kh7 46. Bb1 Kh8 47. Kd2
Kh7 1/2-1/2

[Event "FRA-chT"]
[Site "?"]
[Date "1995.??.??"]
[Round "?"]
[White "Bernard, Christophe"]
[Black "Roos, Louis"]
[Result "1/2-1/2"]
[WhiteElo "2280"]
[BlackElo "2420"]
[PlyCount "58"]
[EventDate "1995.??.??"]
[Source "ChessBase"]
[SourceDate "1996.11.15"]

1. d4 d5 2. c4 c6 3. Nf3 Nf6 4. Nc3 e6 5. Bg5 Nbd7 6. e3 Be7 7. Rc1 O-O 8. Be2
h6 9. Bh4 a6 10. cxd5 Nxd5 11. Bxe7 Qxe7 12. Qb3 Re8 13. O-O Nxc3 14. Qxc3 e5
15. dxe5 Nxe5 16. Nxe5 Qxe5 17. Qxe5 Rxe5 18. Rfd1 Be6 19. Bc4 Bf5 20. Kf1 Rae8
21. Rc3 Kf8 22. a3 a5 23. Ke1 g6 24. h3 h5 25. Be2 Be6 26. h4 Ke7 27. f3 Kf8
28. Kf2 Kg7 29. Rd2 Kf6 1/2-1/2

[Event "FRA-chT"]
[Site "?"]
[Date "1995.??.??"]
[Round "?"]
[White "Boudre, Jean Pierre"]
[Black "Anka, Emil"]
[Result "1-0"]
[WhiteElo "2390"]
[BlackElo "2410"]
[PlyCount "59"]
[EventDate "1995.??.??"]
[Source "ChessBase"]
[SourceDate "1996.11.15"]

1. e4 c5 2. Nf3 e6 3. Nc3 a6 4. d4 cxd4 5. Nxd4 d6 6. Bd3 Nc6 7. Nxc6 bxc6 8.
O-O e5 9. f4 exf4 10. Bxf4 Be6 11. e5 d5 12. Ne2 Bc5+ 13. Kh1 Ne7 14. c3 Qd7
15. Nd4 O-O 16. Be3 Ba7 17. Qh5 Ng6 18. Nxe6 Qxe6 19. Bf5 Qe7 20. Bg5 Qxe5 21.
Rae1 Qb8 22. Rf3 Re8 23. Ref1 Qe5 24. Rh3 h6 25. Bxh6 Qe1 26. Rhf3 Bf2 27. Bd3
Qe5 28. Bg5 Bh4 29. Bxg6 Bxg5 30. Qh7+ 1-0

[Event "FRA-chT"]
[Site "?"]
[Date "1995.??.??"]
[Round "?"]
[White "Boudre, Jean Pierre"]
[Black "Neidhardt, Claus Ulrich"]
[Result "1/2-1/2"]
[WhiteElo "2390"]
[BlackElo "2400"]
[PlyCount "32"]
[EventDate "1995.??.??"]
[Source "ChessBase"]
[SourceDate "1996.11.15"]

1. e4 e5 2. Nf3 Nc6 3. Bb5 a6 4. Ba4 Nf6 5. O-O Nxe4 6. Qe2 Nc5 7. Bxc6 bxc6 8.
Nxe5 Be7 9. d4 Ne6 10. c3 O-O 11. f4 f6 12. Nf3 Re8 13. f5 Nf8 14. Bf4 d5 15.
Nh4 Bd6 16. Qf2 a5 1/2-1/2

[Event "FRA-chT"]
[Site "?"]
[Date "1995.??.??"]
[Round "?"]
[White "Bruch, Ingo"]
[Black "Relange, Eloi"]
[Result "0-1"]
[WhiteElo "2300"]
[BlackElo "2420"]
[PlyCount "114"]
[EventDate "1995.??.??"]
[Source "ChessBase"]
[SourceDate "1996.11.15"]

1. d4 d5 2. c4 e6 3. Nc3 c6 4. cxd5 exd5 5. Bf4 Bd6 6. Bg3 Ne7 7. e3 O-O 8. Bd3
Bf5 9. Nge2 a5 10. O-O Re8 11. f3 b5 12. Bxd6 Qxd6 13. e4 Bg6 14. e5 Qd7 15. g4
Na6 16. Kg2 Rac8 17. a4 Bxd3 18. Qxd3 Nb4 19. Qd2 Ra8 20. h3 Nc8 21. f4 Nb6 22.
b3 bxa4 23. Nxa4 Nxa4 24. Rxa4 c5 25. dxc5 d4 26. Nxd4 Qd5+ 27. Nf3 Qxb3 28.
Rfa1 Rad8 29. Qe2 Nc6 30. Qe4 Rd5 31. Rb1 Qc3 32. Qxd5 Qc2+ 33. Kg3 Qxa4 34.
Ng5 Rf8 35. Rb7 Qa1 36. Kg2 Nb4 37. Qb3 Qe1 38. Rxf7 Qe2+ 39. Kg3 Qe1+ 40. Kf3
Qh1+ 41. Ke3 Qe1+ 42. Kd4 Qg1+ 43. Ke4 Qh1+ 44. Kf5 g6+ 45. Kf6 Qc6+ 46. e6
Qxc5 47. Rxf8+ Qxf8+ 48. Ke5 Qb8+ 49. Ke4 Qb7+ 50. Kd4 Qb6+ 51. Kc3 Qe3+ 52.
Kc4 Qxf4+ 53. Kc3 Qe5+ 54. Kc4 Qxg5 55. Qf3 Qe7 56. Qa8+ Kg7 57. Qxa5 Qxe6+ 0-1

[Event "FRA-chT"]
[Site "?"]
[Date "1995.??.??"]
[Round "?"]
[White "Buchy, Daniel"]
[Black "Relange, Eloi"]
[Result "0-1"]
[WhiteElo "2205"]
[BlackElo "2420"]
[PlyCount "74"]
[EventDate "1995.??.??"]
[Source "ChessBase"]
[SourceDate "1996.11.15"]

1. f4 d5 2. Nf3 Nf6 3. e3 c5 4. Bb5+ Nbd7 5. b3 g6 6. Bb2 Bg7 7. O-O O-O 8.
Bxd7 Bxd7 9. Qe1 Rc8 10. Qh4 Qb6 11. Ne5 Rfd8 12. d3 Qe6 13. Nd2 Ng4 14. Ndf3
f6 15. Rae1 Nxe5 16. fxe5 Bc6 17. Rf2 Rf8 18. Ref1 h6 19. Qg3 Kh7 20. exf6 exf6
21. Nh4 Be8 22. Rf3 b5 23. Qf2 Rc6 24. e4 d4 25. Bc1 a5 26. Rh3 Qe7 27. Qg3 c4
28. Qg4 cxd3 29. cxd3 Rc2 30. Rg3 Qf7 31. e5 f5 32. Qxd4 Qe6 33. Bb2 f4 34.
Rgf3 g5 35. Ba3 b4 36. Qe4+ Kg8 37. d4 Rxa2 0-1

[Event "FRA-chT"]
[Site "?"]
[Date "1995.??.??"]
[Round "?"]
[White "Chabanon, Jean Luc"]
[Black "Claverie, Christophe"]
[Result "0-1"]
[WhiteElo "2445"]
[BlackElo "2260"]
[PlyCount "84"]
[EventDate "1995.??.??"]
[Source "ChessBase"]
[SourceDate "1996.11.15"]

1. Nf3 Nf6 2. g3 d5 3. Bg2 g6 4. O-O Bg7 5. d3 O-O 6. Nbd2 a5 7. a4 Na6 8. c3
h6 9. Qc2 Nd7 10. Rd1 e5 11. e4 d4 12. Nb3 c5 13. Qe2 Nc7 14. Bd2 Ne6 15. Rf1
Qb6 16. Qd1 c4 17. dxc4 Ndc5 18. Nxc5 Nxc5 19. Qc2 d3 20. Qb1 Nb3 21. Ra3 Nxd2
22. Nxd2 Rd8 23. b3 h5 24. Nf3 Bh6 25. Ra2 Bg4 26. h3 Bxf3 27. Bxf3 Qc5 28. Rd1
d2 29. Kg2 Ra6 30. Qc2 Rf6 31. Raa1 h4 32. g4 Rdd6 33. Rf1 Rf4 34. Be2 f5 35.
exf5 gxf5 36. gxf5 e4 37. Bg4 Rd3 38. Rad1 Qd6 39. Kg1 Rxg4+ 40. hxg4 Rg3+ 41.
fxg3 Qxg3+ 42. Kh1 Qh3+ 0-1

[Event "FRA-chT"]
[Site "?"]
[Date "1995.??.??"]
[Round "?"]
[White "Chabanon, Jean Luc"]
[Black "Lamorelle, Yves"]
[Result "1-0"]
[WhiteElo "2445"]
[BlackElo "2260"]
[PlyCount "61"]
[EventDate "1995.??.??"]
[Source "ChessBase"]
[SourceDate "1996.11.15"]

1. c4 g6 2. Nf3 Bg7 3. g3 d6 4. Bg2 e5 5. O-O Nc6 6. Nc3 Nf6 7. d3 O-O 8. Rb1
Re8 9. b4 a6 10. e4 Bd7 11. h3 h6 12. Be3 Kh7 13. a3 Ne7 14. d4 exd4 15. Nxd4
Nc6 16. Nxc6 Bxc6 17. Qc2 Qe7 18. f3 b5 19. cxb5 axb5 20. Rb3 Qe6 21. Ne2 Bb7
22. Nd4 Qd7 23. Rc1 Re7 24. Bf1 d5 25. e5 Rxe5 26. Qxc7 Rxe3 27. Rxe3 Rc8 28.
Qxd7 Nxd7 29. Rxc8 Bxd4 30. Rc7 Bxe3+ 31. Kg2 1-0

[Event "FRA-chT"]
[Site "?"]
[Date "1995.??.??"]
[Round "?"]
[White "Collas, Didier"]
[Black "Andruet, Gilles"]
[Result "0-1"]
[WhiteElo "2335"]
[BlackElo "2360"]
[PlyCount "66"]
[EventDate "1995.??.??"]
[Source "ChessBase"]
[SourceDate "1996.11.15"]

1. d4 Nf6 2. c4 c5 3. Nf3 cxd4 4. Nxd4 e6 5. g3 d5 6. Bg2 e5 7. Nb3 d4 8. O-O
Nc6 9. e3 Bg4 10. Bxc6+ bxc6 11. f3 Bh3 12. Re1 Bb4 13. Bd2 Bxd2 14. Qxd2 dxe3
15. Rxe3 Qc7 16. Qa5 Qxa5 17. Nxa5 O-O-O 18. Nc3 Rd2 19. Nxc6 Rg2+ 20. Kh1 Rxb2
21. Nxe5 Rd8 22. Nd3 Rc2 23. Nf4 Rdd2 24. Kg1 Be6 25. Nxe6 fxe6 26. g4 Rxh2 27.
Rae1 Rcg2+ 28. Kf1 h5 29. g5 Rxg5 30. Rxe6 h4 31. R1e2 Rh1+ 32. Kf2 h3 33. Re1
Rg2+ 0-1

[Event "FRA-chT"]
[Site "?"]
[Date "1995.??.??"]
[Round "?"]
[White "Cruz Lopez Claret, Carlos"]
[Black "Roos, Jean Luc"]
[Result "1/2-1/2"]
[WhiteElo "2300"]
[BlackElo "2350"]
[PlyCount "88"]
[EventDate "1995.??.??"]
[Source "ChessBase"]
[SourceDate "1996.11.15"]

1. d4 e6 2. c4 f5 3. g3 Nf6 4. Bg2 Be7 5. Nf3 O-O 6. O-O d6 7. b3 a5 8. Bb2 Na6
9. Nbd2 c6 10. Ne1 d5 11. Nd3 b6 12. Nf3 Bb7 13. Nfe5 Qe8 14. a3 Bd6 15. e3 Nd7
16. Nxd7 Qxd7 17. Qe2 Qe7 18. f3 c5 19. Ne5 Nc7 20. Rfd1 a4 21. dxc5 bxc5 22.
Qc2 axb3 23. Qxb3 Rfb8 24. Qc2 Ne8 25. Bc3 Nf6 26. a4 Qc7 27. f4 Ne4 28. Bxe4
fxe4 29. Qa2 d4 30. exd4 Bxe5 31. dxe5 e3 32. Rd6 Rd8 33. Rad1 Rxd6 34. Rxd6
Rd8 35. Rxd8+ Qxd8 36. Qe2 Qd7 37. Qxe3 Qxa4 38. Qd3 Qc6 39. Kf2 Qg2+ 40. Ke1
Qg1+ 41. Kd2 Qxh2+ 42. Ke1 h6 43. Qd8+ Kh7 44. Qd3+ Kg8 1/2-1/2

[Event "FRA-chT"]
[Site "?"]
[Date "1995.??.??"]
[Round "?"]
[White "David, Alberto"]
[Black "Markotic, Gordan"]
[Result "1-0"]
[WhiteElo "2425"]
[BlackElo "2335"]
[PlyCount "53"]
[EventDate "1995.??.??"]
[Source "ChessBase"]
[SourceDate "1996.11.15"]

1. e4 c6 2. d4 d5 3. e5 c5 4. dxc5 Nc6 5. Bb5 e6 6. Be3 Qa5+ 7. Nc3 Nge7 8. a3
Nf5 9. Nf3 Bd7 10. b4 Qc7 11. Bf4 O-O-O 12. Bd3 Nce7 13. Qd2 Ng6 14. Bxf5 Nxf4
15. Qxf4 exf5 16. Nxd5 Qc6 17. c4 Be6 18. O-O h6 19. h4 g5 20. hxg5 hxg5 21.
Qxg5 Bxd5 22. Rfd1 Bh6 23. cxd5 Qd7 24. Qf6 Bf4 25. Rd4 Rh6 26. c6 bxc6 27.
dxc6 1-0

[Event "FRA-chT"]
[Site "?"]
[Date "1995.??.??"]
[Round "?"]
[White "De Sousa, Jose"]
[Black "Elbilia, Jacques"]
[Result "1-0"]
[WhiteElo "2260"]
[BlackElo "2325"]
[PlyCount "86"]
[EventDate "1995.??.??"]
[Source "ChessBase"]
[SourceDate "1996.11.15"]

1. Nf3 e6 2. g3 b5 3. Bg2 Bb7 4. O-O Nf6 5. c3 a6 6. d3 Be7 7. e4 d6 8. a4 bxa4
9. Qxa4+ Nfd7 10. Be3 O-O 11. Nbd2 c5 12. d4 cxd4 13. Nxd4 Nc5 14. Qc2 a5 15.
b4 axb4 16. Rxa8 Bxa8 17. cxb4 Nca6 18. Qb1 d5 19. b5 Nc5 20. Qa2 Bb7 21. exd5
Bxd5 22. Bxd5 exd5 23. Nf5 Ne6 24. Qxd5 Bb4 25. Qxd8 Rxd8 26. Nf3 Rd5 27. N5d4
Nxd4 28. Nxd4 Bc5 29. Nc6 Nd7 30. Bxc5 Rxc5 31. Rd1 Rxb5 32. Rxd7 f6 33. Kg2 h5
34. Nd4 Re5 35. f4 Ra5 36. Ne6 h4 37. Rxg7+ Kh8 38. Rg6 f5 39. Kh3 Kh7 40. Rg5
Ra6 41. Nf8+ Kh6 42. Rxf5 hxg3 43. hxg3 Ra1 1-0

[Event "FRA-chT"]
[Site "?"]
[Date "1995.??.??"]
[Round "?"]
[White "Degraeve, Jean Marc"]
[Black "Cursoux, Laurent"]
[Result "1-0"]
[WhiteElo "2425"]
[BlackElo "2140"]
[PlyCount "33"]
[EventDate "1995.??.??"]
[Source "ChessBase"]
[SourceDate "1996.11.15"]

1. e4 c5 2. Nf3 d6 3. c3 Nf6 4. Be2 Nc6 5. d4 cxd4 6. cxd4 Qa5+ 7. Bd2 Qb6 8.
d5 Nxe4 9. O-O Nxd2 10. Nbxd2 Nb8 11. Rc1 Bd7 12. Nc4 Qd8 13. Ng5 b5 14. Bh5 g6
15. Qf3 f5 16. Nxh7 Kf7 17. Ng5+ 1-0

[Event "FRA-chT"]
[Site "?"]
[Date "1995.??.??"]
[Round "?"]
[White "Delebarre, Xavier"]
[Black "Bruch, Ingo"]
[Result "1-0"]
[WhiteElo "2285"]
[BlackElo "2300"]
[PlyCount "127"]
[EventDate "1995.??.??"]
[Source "ChessBase"]
[SourceDate "1996.11.15"]

1. h3 d5 2. c4 e6 3. g4 h5 4. gxh5 Nf6 5. Bg2 c6 6. Qc2 Nbd7 7. a3 dxc4 8. Qxc4
Rxh5 9. Nc3 e5 10. b4 a6 11. d3 Nb6 12. Qb3 Be6 13. Qc2 Nbd5 14. Bf3 Rh8 15.
Bg5 Be7 16. h4 Nxc3 17. Qxc3 Nd7 18. Bxe7 Qxe7 19. h5 Rd8 20. e3 Qf6 21. Rc1
Nb6 22. Ke2 Bf5 23. Be4 Bxe4 24. dxe4 Qe6 25. Nf3 f6 26. Qc2 Nc8 27. Rcg1 Rh7
28. Nh4 Nd6 29. Nf5 Nxf5 30. exf5 Qd5 31. Rh4 Qb5+ 32. Qc4 Qxc4+ 33. Rxc4 Rxh5
34. Rxg7 Rd7 35. Rxd7 Kxd7 36. e4 Rh3 37. f3 Rh2+ 38. Ke3 Ra2 39. Rc3 Ra1 40.
Rd3+ Kc7 41. Kf2 Rb1 42. Kg2 Rc1 43. f4 Re1 44. fxe5 Rxe4 45. exf6 Re8 46. Kf3
Rf8 47. Kf4 Rxf6 48. Kg5 Rf8 49. f6 Kb6 50. Kg6 a5 51. Kg7 Rc8 52. Rd7 axb4 53.
axb4 Ka6 54. f7 b6 55. f8=Q Rxf8 56. Kxf8 Kb5 57. Ke7 Kxb4 58. Kd6 c5 59. Kd5
c4 60. Rc7 b5 61. Kd4 Kb3 62. Rc5 Kb4 63. Rc6 Kb3 64. Rc7 1-0

[Event "FRA-chT"]
[Site "?"]
[Date "1995.??.??"]
[Round "?"]
[White "Dubreuil, Nicolas"]
[Black "Relange, Eloi"]
[Result "1-0"]
[WhiteElo "2205"]
[BlackElo "2420"]
[PlyCount "51"]
[EventDate "1995.??.??"]
[Source "ChessBase"]
[SourceDate "1996.11.15"]

1. d4 d5 2. c4 e6 3. Nc3 c6 4. cxd5 exd5 5. Qc2 Bd6 6. Nf3 Ne7 7. Bg5 f6 8. Bh4
Nf5 9. e3 Nxh4 10. Nxh4 g6 11. Bd3 f5 12. g3 Nd7 13. O-O-O Nf6 14. f3 Be6 15.
e4 fxe4 16. fxe4 dxe4 17. Bxe4 Bf7 18. Rhf1 Nxe4 19. Qxe4+ Qe7 20. Rde1 Qxe4
21. Nxe4 Bb4 22. Nd6+ Kd7 23. Nxf7 Bxe1 24. Nxh8 Rxh8 25. Rxe1 Rf8 26. Kd2 1-0

[Event "FRA-chT"]
[Site "?"]
[Date "1995.??.??"]
[Round "?"]
[White "Eliet, Nicolas"]
[Black "Kallai, Gabor"]
[Result "1/2-1/2"]
[WhiteElo "2270"]
[BlackElo "2500"]
[PlyCount "67"]
[EventDate "1995.??.??"]
[Source "ChessBase"]
[SourceDate "1996.11.15"]

1. d4 d5 2. Nf3 Nf6 3. c4 dxc4 4. e3 e6 5. Bxc4 c5 6. Qe2 Nc6 7. O-O cxd4 8.
Rd1 Be7 9. exd4 O-O 10. Nc3 Na5 11. Bd3 b6 12. Bg5 Bb7 13. Ne5 Nd5 14. Qh5 f5
15. Bxe7 Qxe7 16. Nxd5 Bxd5 17. b3 Qb7 18. Bf1 Nc6 19. Nxc6 Qxc6 20. Rac1 Qd6
21. Qe2 Rfc8 22. Qa6 Rxc1 23. Rxc1 Qf4 24. Rc8+ Rxc8 25. Qxc8+ Kf7 26. Qc3 Kf6
27. h3 Qd6 28. Be2 a5 29. Qe3 g5 30. h4 h6 31. hxg5+ hxg5 32. Qh3 Kg7 33. Qc3
Qf4 34. Bc4 1/2-1/2

[Event "FRA-chT"]
[Site "?"]
[Date "1995.??.??"]
[Round "?"]
[White "Estrada Nieto, Julian"]
[Black "Bauer, Christian"]
[Result "0-1"]
[WhiteElo "2395"]
[BlackElo "2430"]
[PlyCount "122"]
[EventDate "1995.??.??"]
[Source "ChessBase"]
[SourceDate "1996.11.15"]

1. e4 e6 2. d4 d5 3. Nd2 Nf6 4. e5 Nfd7 5. Bd3 c5 6. c3 Nc6 7. Ne2 cxd4 8. cxd4
f6 9. exf6 Nxf6 10. Nf3 Bd6 11. O-O Qc7 12. Bg5 O-O 13. Bh4 Bd7 14. Nc3 a6 15.
Rc1 Bf4 16. Rc2 Rae8 17. Re1 Qd6 18. Rce2 Re7 19. Bb1 Be8 20. Ne5 g5 21. Bg3
Nh5 22. Nxc6 Qxc6 23. a3 Ng7 24. Bxf4 Rxf4 25. Re5 Bh5 26. Qd3 Bg6 27. Qg3 Bxb1
28. Rxg5 Rxd4 29. Rxb1 Rc4 30. Re1 Qc7 31. Qd3 b5 32. h4 Rxh4 33. g3 Rc4 34.
Nxd5 exd5 35. Qxd5+ Kf8 36. Qa8+ Qc8 37. Qf3+ Rf7 38. Qd3 Rc1 39. Qd6+ Kg8 40.
Rge5 Rxe1+ 41. Rxe1 Nf5 42. Qd5 Qd7 43. Rd1 Qxd5 44. Rxd5 Kg7 45. Kg2 Ne7 46.
Rd6 Rf6 47. Rd7 Kf7 48. f4 Rc6 49. Ra7 h5 50. Kh3 Kf6 51. Kh4 Nf5+ 52. Kxh5
Nxg3+ 53. Kg4 Ne4 54. f5 Nd6 55. Ra8 Ke5 56. f6 Kxf6 57. Kf4 Nc4 58. Rh8 Ke6
59. Rh2 Kd5 60. Rc2 Rf6+ 61. Kg5 Rf3 0-1

[Event "FRA-chT"]
[Site "?"]
[Date "1995.??.??"]
[Round "?"]
[White "Estrada Nieto, Julian"]
[Black "Komarov, Dimitri"]
[Result "0-1"]
[WhiteElo "2340"]
[BlackElo "2575"]
[PlyCount "65"]
[EventDate "1995.??.??"]
[Source "ChessBase"]
[SourceDate "1996.11.15"]

1. e4 c5 2. c3 e6 3. Nf3 d5 4. exd5 exd5 5. d4 Bd6 6. Bb5+ Nc6 7. O-O Nge7 8.
dxc5 Bxc5 9. Nbd2 O-O 10. Nb3 Bd6 11. Bg5 Bg4 12. Be2 Qc7 13. h3 Bd7 14. Nbd4
g6 15. Nxc6 bxc6 16. c4 Rab8 17. b3 f6 18. Be3 Nf5 19. cxd5 Nxe3 20. fxe3 Bc5
21. Ba6 Kh8 22. Kh1 cxd5 23. Qxd5 Bxe3 24. Rfe1 Rfe8 25. Rad1 Bc6 26. Qc4 Qb6
27. Rxe3 Rxe3 28. Rd6 Rxf3 29. Rxc6 Rf1+ 30. Kh2 Qg1+ 31. Kg3 Qe3+ 32. Kh2 Qe5+
33. g3 0-1